Science Quiz

Random Science or Math Quiz

Monstrous Math Blitz Quiz Stats

 Plays Quiz Updated Jun 26, 2012

Challenge
Share
Tweet
Embed
Score 0/40 Timer 02:00
8 Plays Today
Instruction Answer % Correct
start with 2 x 3 =6
99.8%
square that36
98.7%
double it and double it again144
96.1%
now get the square root of that12
95.2%
add to this the number of days in a leap year378
91.6%
add 22 and divide the result by 1040
90.7%
square this1600
89.4%
add to this the square of 41616
87.7%
double this and then add the separate digits together10
79.6%
divide this by 0.2540
75%
find the cube root of this and multiply the result by zero0
71.8%
multiply this by pi0
71%
divide by 5 and take 27-27
69.1%
add 3-24
67.9%
divide by -38
66.5%
double that16
65.8%
double that32
65.1%
double that64
64.4%
double that128
63.3%
double that256
61.6%
Instruction Answer % Correct
double that512
59%
double that 1024
57.7%
deduct from that number the result of 10x10x1024
54.6%
add 731
53.2%
divide by pi expressed to one decimal place10
47.7%
take the answer and add it to the square of its square root20
37.3%
square it400
36.1%
square that and divide the result by one hundred1600
31.3%
multiply that by 1016000
29.7%
deduct 5000 and divide the result by 101100
26.5%
add to this the number of hours in a day1124
24.6%
double this and add -11241124
22.6%
add -1124 and multiply the result by the year of your birth0
20.7%
add 3966360 and divide the result by 31322120
16%
deduct one million one hundred and nineteen322001
9.8%
divide this by itself and cube the result1
9.1%
deduct from this answer the first integer above 00
8.4%
Add 17 to the last answer, double that and add 6.2540.25
6.7%
add 9.76 and multiply the result by 10 to the power of 2 and deduct 15000
3.6%
deduct from this the result of all of the calculations you have done above0
3.2%

You're not logged in!

Compare scores with friends on all Sporcle quizzes.
Join for Free
OR
Log In

You Might Also Like...

Show Comments

Extras

Top Quizzes Today


Score Distribution

Your Account Isn't Verified!

In order to create a playlist on Sporcle, you need to verify the email address you used during registration. Go to your Sporcle Settings to finish the process.

Report this User

Report this user for behavior that violates our Community Guidelines.

Details: